00414nam a2200169Ia 4500003000400000005001700004008004100021040000700062041000800069082002100077100002200098245003300120260003100153365001300184650003100197650001600228OSt20230603103435.0210423s2007 xx 000 0 und d cAL aeng a361.3223b MATM aMATHUR (Raj Bala) aModernisation of social work aJaipurbBook Enclavec2007 b750cINR aSocial Problems & Services aSocial Work